Zapomenuté příběhy /

Hlavní autor: Kechlibar, Marian, 1978-
Korporativní autor: Nakladatelství Klika
Jazyk: Čeština
Vydáno: Praha : Klika, 2018-
Vydání: První vydání
Edice: Otevřeno
Témata:
Externí odkaz: Digitalizovaný dokument
Fyzický popis: ^^^svazků : ilustrace (některé barevné), mapy, portréty, faksimile ; 21 cm
Odebírané svazky: 1-8-
Knihy
Uloženo v:
LEADER 03689nam a2200721 ia4500
001 nkc20193103061
003 CZ PrNK
005 20260324123325.0
007 ta
008 190618m20189999xr abcfe 000 0 cze
015 |a cnb003103061  |z cnb003008644  |z cnb003257101 
020 |a 978-80-88088-99-8  |q (1 ;  |q vázáno) :  |c Kč 250,00 
020 |a 978-80-88298-53-3  |q (2 ;  |q v knize neuvedeno ;  |q vázáno)  |z 978-80-88298-38-0 :  |c Kč 250,00 
020 |a 978-80-88298-83-0  |q (3 ;  |q vázáno) :  |c Kč 300,00 
020 |a 978-80-7666-005-2  |q (4 ;  |q vázáno)  |z 978-80-88298-83-0 :  |c Kč 300,00 
020 |a 978-80-7666-036-6  |q (5 ;  |q vázáno) :  |c Kč 300,00 
020 |a 978-80-7666-078-6  |q (6 ;  |q vázáno) :  |c Kč 350,00 
020 |a 978-80-7666-136-3  |q (7 ;  |q vázáno) :  |c Kč 325,00 
020 |a 978-80-7666-178-3  |q (8 ;  |q vázáno) 
035 |a (OCoLC)1085410294 
040 |a OLA001  |b cze  |d ABA001  |d BOA001  |e rda 
043 |a x------ 
072 7 |a 94(100)  |x Světové dějiny  |2 Konspekt  |9 8 
080 |a 94(100)  |2 MRF 
080 |a 94-021.143  |2 MRF 
080 |a (100)  |2 MRF 
080 |a (0:82-96)  |2 MRF 
100 1 |a Kechlibar, Marian,  |d 1978-  |7 xx0033605  |4 aut 
245 1 0 |a Zapomenuté příběhy /  |c Marian Kechlibar 
250 |a První vydání 
264 1 |a Praha :  |b Klika,  |c 2018- 
300 |a ^^^svazků :  |b ilustrace (některé barevné), mapy, portréty, faksimile ;  |c 21 cm 
336 |a text  |b txt  |2 rdacontent 
336 |a statický obraz  |b sti  |2 rdacontent 
337 |a bez média  |b n  |2 rdamedia 
338 |a svazek  |b nc  |2 rdacarrier 
490 1 |a Otevřeno 
500 |a Obsahuje QR kódy s přístupem k audioknihám 
505 1 |a [1]. 2018. 168 stran, 8 nečíslovaných stran obrazových příloh -- 2. 2019. 180 stran, 14 nečíslovaných stran obrazových příloh -- 3. 2020. 249 stran -- 4. Pověšen za krk, dokud nezemřeš. 2020. 261 stran -- 5. 2021. 292 stran -- 6. 2022. 281 stran -- 7. 2024. 246 stran -- 8. 2025. 261 stran 
650 0 7 |a světové dějiny  |7 ph117271  |2 czenas 
650 0 7 |a události  |7 ph126858  |z země světa  |2 czenas 
650 0 9 |a world history  |2 eczenas 
650 0 9 |a events  |z countries of the world  |2 eczenas 
655 7 |a literatura faktu  |7 fd132773  |2 czenas 
655 9 |a non-fiction  |2 eczenas 
710 2 |a Nakladatelství Klika  |7 xx0191674  |4 pbl 
740 0 2 |a Pověšen za krk, dokud nezemřeš 
830 0 |a Otevřeno  |0 s 
856 4 1 |u http://www.digitalniknihovna.cz/mzk/uuid/uuid:eab68410-8300-11ea-a8e8-005056827e51  |y Digitalizovaný dokument  |x NDK 
910 2 |a BOA001  |b 2-1415.179  |s 1-8- 
920 |a KN3148000001391047  |z ULG001 
928 9 |a Jiří Nosek - Klika 
990 |a BK 
995 |a 01 
991 |b 202601  |c NOV 
996 6 |b 2610755887  |c 2-1415.179  |d 1. díl  |v 1  |l MZK  |r Sklad / do 1 hodiny  |n 3  |p p.v.  |w 001689196  |u 000010  |a 1  |e BOA001  |j MZK50  |s P 
996 6 |b 2610787871  |c 2-1415.179  |d 2. díl  |v 2  |l MZK  |r Sklad / do 1 hodiny  |n 1  |p p.v.  |w 001689196  |u 000020  |a 1  |e BOA001  |j MZK50  |s P 
996 6 |b 2610833224  |c 2-1415.179  |d 3. díl  |v 3  |l MZK  |r Sklad / do 1 hodiny  |n 0  |p p.v.  |w 001689196  |u 000030  |a 1  |e BOA001  |j MZK50  |s P 
996 6 |b 2610852659  |c 2-1415.179  |d 4. díl  |v 4  |l MZK  |r Sklad / do 1 hodiny  |n 2  |p p.v.  |w 001689196  |u 000040  |a 1  |e BOA001  |j MZK50  |s P 
996 6 |b 2610885268  |c 2-1415.179  |d 5. díl  |v 5  |l MZK  |r Sklad / do 1 hodiny  |n 1  |p p.v.  |w 001689196  |u 000050  |a 1  |e BOA001  |j MZK50  |s P 
996 6 |b 2610922281  |c 2-1415.179  |d 6. díl  |v 6  |l MZK  |r Sklad / do 1 hodiny  |n 2  |p p.v.  |w 001689196  |u 000060  |a 1  |e BOA001  |j MZK50  |s P 
996 6 |b 2610982292  |c 2-1415.179  |d 7. díl  |v 7  |l MZK  |r Sklad / do 1 hodiny  |n 1  |p p.v.  |w 001689196  |u 000070  |a 1  |e BOA001  |j MZK50  |s P 
996 6 |b 2611023348  |c 2-1415.179  |d 8. díl  |v 8  |l MZK  |r Sklad / do 1 hodiny  |n 0  |p p.v.  |w 001689196  |u 000080  |a 1  |e BOA001  |j MZK50  |s P